000 00868nam a2200289Ia 4500
003 OSt
005 20220912144916.0
006 a|||||r|||| 00| 0
007 ta
008 220909b |||||||| |||| 00| 0 eng d
020 _a9780631235392 (pbk)
024 _a81712
037 _b113, 05/09/2008, Ashutosh Technical Books
037 _cTextbook
040 _aCSL
_beng
_cCSL
041 _aeng
082 _aY:1.1, P8 TY
100 _aWise J Macgregor
245 0 _aCultural globalization:a user's guide
260 _aOxford
_bBlackwell Publishing
_c2008
300 _aix, 175p.
_ccm.
500 _aReferences 155-167p.; Index 168-175p.
650 _a Culture-globalization
650 _aAnthropology
942 _hY:1.1, P8 TY
_cTB
_2CC
999 _c18844
_d18844